000 00360nam a22001457a 4500
003 OSt
020 _a0596009186
040 _c0
082 _222
_a005.446
100 _aGralla, Preston.
245 _aWindows XP Hacks :
_bTips and tools for Optimizing your OS /
260 _aCalifornia,
_bO'Reilly,
_cc2005.
300 _axxi, 548 p. ;
_bill. ;
942 _2ddc
_cIT
999 _c4390
_d4390